[Event "2nd GMA World Cup prel  #3"]
[Site "Palma de Mallorca"]
[Date "1989.??.??"]
[Round "1"]
[White "Petrosian, Arshak"]
[Black "Petursson, Margeir"]
[Result "1/2-1/2"]
[WhiteElo "2490"]
[BlackElo "2590"]
[EventDate "1989.12.??"]
[PlyCount "30"]

1.d4 Nf6 2.c4 e6 3.Nf3 b6 4.e3 Bb7 5.Bd3 d5 6.O-O Bd6 7.b3 O-O 8.Bb2 Nbd7 
9.Nc3 a6 10.Rc1 Ne4 11.Ne2 Qe7 12.Qc2 Rac8 13.Ng3 f5 14.Qe2 a5 15.Rc2 c6 
1/2-1/2

[Event "2nd GMA World Cup prel  #3"]
[Site "Palma de Mallorca"]
[Date "1989.??.??"]
[Round "1"]
[White "Georgiev, Kiril"]
[Black "Gurevich, Dmitry"]
[Result "1/2-1/2"]
[WhiteElo "2590"]
[BlackElo "2490"]
[EventDate "1989.12.??"]
[PlyCount "117"]

1.e4 c5 2.Nf3 d6 3.d4 cxd4 4.Nxd4 Nf6 5.Nc3 Nc6 6.Bg5 e6 7.Qd2 Be7 8.O-O-O
Nxd4 9.Qxd4 O-O 10.f4 Qa5 11.Bc4 Bd7 12.e5 dxe5 13.fxe5 Bc6 14.Bd2 Nd7 15.
Nd5 Qd8 16.Nxe7+ Qxe7 17.Rhe1 Rfd8 18.Qg4 Nf8 19.Bd3 Rxd3 20.cxd3 Qd7 21.
Bb4 Qd5 22.Bxf8 Rxf8 23.Kb1 Qxg2 24.Qxg2 Bxg2 25.Rc1 Bc6 26.Rc4 f5 27.exf6
Rxf6 28.h4 h6 29.Rg1 Kf7 30.h5 Kf8 31.Kc2 Rf5 32.Rcg4 Rf7 33.Kc3 Bf3 34.
Rg6 Rc7+ 35.Kd2 Bxh5 36.Rxe6 Bf7 37.Rf1 Rd7 38.Ke3 Kg8 39.Re5 g5 40.d4 
Bxa2 41.Ra1 Bf7 42.Rxa7 Kg7 43.Rb5 Bd5 44.Raa5 Re7+ 45.Kf2 Rf7+ 46.Kg3 
Rf3+ 47.Kg2 Be4 48.d5 g4 49.Kg1 Rg3+ 50.Kf2 Rf3+ 51.Ke1 g3 52.Rxb7+ Kf6 
53.Ra6+ Ke5 54.Rg7 Re3+ 55.Kd2 Rd3+ 56.Ke2 Rb3 57.Re7+ Kf4 58.Rf6+ Bf5 59.
Ref7 1/2-1/2

[Event "2nd GMA World Cup prel  #3"]
[Site "Palma de Mallorca"]
[Date "1989.??.??"]
[Round "1"]
[White "Chandler, Murray Graham"]
[Black "Zapata, Alonso"]
[Result "0-1"]
[WhiteElo "2585"]
[BlackElo "2490"]
[EventDate "1989.12.??"]
[PlyCount "70"]

1.e4 c5 2.Nf3 e6 3.b3 d6 4.Bb2 Nf6 5.Bb5+ Nbd7 6.e5 dxe5 7.Nxe5 Be7 8.O-O 
O-O 9.f4 Qc7 10.Qf3 a6 11.Bxd7 Bxd7 12.d3 Rad8 13.Nd2 Bc8 14.a4 Nd5 15.Ne4
f6 16.Qg3 b5 17.axb5 axb5 18.Kh1 Qb6 19.Ng4 Kh8 20.Rf3 e5 21.f5 c4 22.Raf1
cxd3 23.cxd3 Bc5 24.Qh4 Nf4 25.Nxe5 fxe5 26.Bxe5 Nxd3 27.Ng5 h6 28.Bxg7+ 
Kxg7 29.Ne6+ Bxe6 30.Rg3+ Kh7 31.Rg6 Nf2+ 32.Kg1 Ng4+ 33.Kh1 Rxf5 34.Re1 
Nf2+ 35.Kg1 Kxg6 0-1

[Event "2nd GMA World Cup prel  #3"]
[Site "Palma de Mallorca"]
[Date "1989.??.??"]
[Round "1"]
[White "Gufeld, Eduard"]
[Black "Dorfman, Iosif"]
[Result "1/2-1/2"]
[WhiteElo "2490"]
[BlackElo "2585"]
[EventDate "1989.12.??"]
[PlyCount "51"]

1.e4 c5 2.Nf3 d6 3.d4 cxd4 4.Nxd4 Nf6 5.Nc3 Nc6 6.Bg5 e6 7.Qd2 a6 8.Be2 
Bd7 9.f4 Rc8 10.O-O-O h6 11.Bxf6 Qxf6 12.Nf3 Qd8 13.Kb1 Be7 14.g4 b5 15.
Bd3 Na5 16.g5 hxg5 17.Nxg5 Nc4 18.Bxc4 Rxc4 19.Rhg1 Qc7 20.a3 Bc8 21.Nf3 
Bb7 22.Qd3 b4 23.Nd2 Rxc3 24.bxc3 Qxc3 25.axb4 Qxb4+ 26.Qb3 1/2-1/2

[Event "2nd GMA World Cup prel  #3"]
[Site "Palma de Mallorca"]
[Date "1989.??.??"]
[Round "1"]
[White "Knaak, Rainer"]
[Black "Chernin, Alexander"]
[Result "1/2-1/2"]
[WhiteElo "2485"]
[BlackElo "2580"]
[EventDate "1989.12.??"]
[PlyCount "49"]

1.d4 Nf6 2.c4 e6 3.Nc3 Bb4 4.e3 O-O 5.Bd3 c5 6.Nf3 b6 7.d5 exd5 8.cxd5 h6 
9.O-O Bxc3 10.bxc3 Nxd5 11.e4 Nc7 12.e5 Ba6 13.c4 f5 14.exf6 Qxf6 15.Rb1 
Nc6 16.Bb2 Qf7 17.Ne5 Nxe5 18.Bxe5 Ne6 19.Qg4 Nf4 20.Bxf4 Qxf4 21.Qg6 Bb7 
22.Qh7+ Kf7 23.Qg6+ Kg8 24.Qh7+ Kf7 25.Qg6+ 1/2-1/2

[Event "2nd GMA World Cup prel  #3"]
[Site "Palma de Mallorca"]
[Date "1989.??.??"]
[Round "1"]
[White "Azmaiparashvili, Zurab"]
[Black "Mohr, Stefan"]
[Result "0-1"]
[WhiteElo "2575"]
[BlackElo "2485"]
[EventDate "1989.12.??"]
[PlyCount "80"]

1.c4 e5 2.Nc3 d6 3.g3 g6 4.d4 Nd7 5.Bg2 Bg7 6.e3 Nh6 7.Nge2 O-O 8.b3 f5 9.
O-O Nf7 10.Bb2 c6 11.Qd2 Nf6 12.Rad1 Qe7 13.f4 e4 14.b4 d5 15.c5 Bd7 16.a4
h6 17.Rb1 g5 18.b5 Nh5 19.Ba3 gxf4 20.Nxf4 Nxf4 21.gxf4 Nh8 22.a5 a6 23.
bxa6 bxa6 24.Rb6 Bf6 25.Qe2 Qg7 26.Kh1 Bd8 27.Rg1 Bxb6 28.cxb6 Rf6 29.b7 
Rb8 30.Qxa6 Be8 31.Rb1 Ng6 32.Ne2 Rf7 33.Rb6 Rfxb7 34.Ng3 Ra7 35.Rxb8 Rxa6
36.Rxe8+ Kh7 37.Nh5 Qf7 38.Bb4 c5 39.Bf1 Qxe8 40.Bxa6 Qc6 0-1

[Event "2nd GMA World Cup prel  #3"]
[Site "Palma de Mallorca"]
[Date "1989.??.??"]
[Round "1"]
[White "Smyslov, Vassily"]
[Black "Gligoric, Svetozar"]
[Result "1/2-1/2"]
[WhiteElo "2570"]
[BlackElo "2485"]
[EventDate "1989.12.??"]
[PlyCount "107"]

1.e4 e5 2.Bc4 Nf6 3.d3 Nc6 4.Nc3 Bb4 5.Bg5 h6 6.Bh4 Na5 7.Ne2 d6 8.a3 
Bxc3+ 9.Nxc3 Nxc4 10.dxc4 Be6 11.Qe2 c6 12.O-O-O Qc7 13.Rd2 O-O-O 14.Bxf6 
gxf6 15.Rhd1 Kb8 16.Qf3 Qe7 17.b3 h5 18.Qe3 f5 19.f4 fxe4 20.fxe5 dxe5 21.
Rxd8+ Rxd8 22.Rxd8+ Qxd8 23.Nxe4 f5 24.Ng5 Qf6 25.h4 Bc8 26.c5 Qe7 27.b4 
a6 28.g3 Qf6 29.Nf3 e4 30.Nd4 Ka8 31.Kd2 Qd8 32.Kc3 Qd5 33.Ne2 Qa2 34.Kd2 
Be6 35.Qc3 Bf7 36.Ke3 Qb1 37.a4 Qf1 38.a5 Bd5 39.Kd2 Qg2 40.Qd4 Ka7 41.Qg1
e3+ 42.Qxe3 Bc4 43.Qe8 Bxe2 44.Qxe2 Qxg3 45.Qxh5 f4 46.Qg5 Qf2+ 47.Kc3 
Qe3+ 48.Kc4 Qe4+ 49.Kc3 Qe1+ 50.Kc4 Qe2+ 51.Kc3 f3 52.Qd8 Qe3+ 53.Kc4 Qe6+
54.Kd3 1/2-1/2

[Event "2nd GMA World Cup prel  #3"]
[Site "Palma de Mallorca"]
[Date "1989.??.??"]
[Round "1"]
[White "Vladimirov, Evgeny"]
[Black "Sunye Neto, Jaime"]
[Result "1-0"]
[WhiteElo "2565"]
[BlackElo "2480"]
[EventDate "1989.12.??"]
[PlyCount "57"]

1.d4 Nf6 2.c4 e6 3.Nf3 Bb4+ 4.Bd2 Qe7 5.g3 O-O 6.Bg2 Bxd2+ 7.Qxd2 d6 8.Nc3
e5 9.O-O c6 10.e4 Nbd7 11.Nh4 Nb6 12.b3 exd4 13.Qxd4 Qe5 14.Rad1 Re8 15.
Rd3 Be6 16.Qxd6 Nxc4 17.bxc4 Bxc4 18.Qxe5 Rxe5 19.Rd6 Bxf1 20.Kxf1 Rc5 21.
Rd3 Ng4 22.Nf3 b5 23.h3 b4 24.Ne2 Nf6 25.e5 Nd5 26.Nfd4 Ne7 27.f4 Rd8 28.
Be4 Kf8 29.Ne6+ 1-0

[Event "2nd GMA World Cup prel  #3"]
[Site "Palma de Mallorca"]
[Date "1989.??.??"]
[Round "1"]
[White "Liberzon, Vladimir"]
[Black "Tukmakov, Vladimir"]
[Result "1-0"]
[WhiteElo "2480"]
[BlackElo "2565"]
[EventDate "1989.12.??"]
[PlyCount "67"]

1.e4 c5 2.Nf3 d6 3.d4 cxd4 4.Nxd4 Nf6 5.Nc3 Nc6 6.Bg5 e6 7.Qd2 a6 8.O-O-O 
h6 9.Be3 Be7 10.f3 Bd7 11.g4 b5 12.h4 Ne5 13.Bd3 Qc7 14.g5 Nxd3+ 15.Qxd3 
Nh5 16.gxh6 g6 17.a3 Rb8 18.Bg5 Bf8 19.Rhe1 Bxh6 20.Bxh6 Rxh6 21.Qd2 Rh7 
22.Nb3 Rb6 23.f4 Qd8 24.Qf2 Nf6 25.e5 Ng4 26.Qg1 Rxh4 27.exd6 Nf6 28.Qd4 
Bc6 29.Nc5 Nd7 30.Nxe6 Qf6 31.Nd5 Bxd5 32.Qxd5 Rh5 33.Ng7+ Kf8 34.Nxh5 1-0

[Event "2nd GMA World Cup prel  #3"]
[Site "Palma de Mallorca"]
[Date "1989.??.??"]
[Round "1"]
[White "Chekhov, Valery"]
[Black "Malaniuk, Vladimir"]
[Result "1/2-1/2"]
[WhiteElo "2480"]
[BlackElo "2560"]
[EventDate "1989.12.??"]
[PlyCount "94"]

1.d4 f5 2.c4 Nf6 3.Nc3 g6 4.Nf3 Bg7 5.e3 O-O 6.Be2 d6 7.b4 e5 8.dxe5 dxe5 
9.Qb3 e4 10.Nd4 c6 11.O-O Re8 12.a4 Nbd7 13.Rd1 Qe7 14.c5+ Kh8 15.Ba3 Ne5 
16.b5 g5 17.Qc2 Qc7 18.h3 g4 19.Bf1 gxh3 20.gxh3 Ng6 21.Nce2 f4 22.exf4 
Nxf4 23.Nxf4 Qxf4 24.Bc1 Qh4 25.Ra3 e3 26.Rxe3 Rxe3 27.fxe3 Bxh3 28.Bxh3 
Qxh3 29.Qg2 Qh5 30.Rf1 Rg8 31.Nf5 Bh6 32.Ng3 Qxc5 33.Bb2 Bxe3+ 34.Kh1 Bd4 
35.Rxf6 Rxg3 36.Qxg3 Bxb2 37.Rf1 Qd5+ 38.Qf3 Qxf3+ 39.Rxf3 cxb5 40.axb5 
Bd4 41.Rf8+ Kg7 42.Rd8 Bb6 43.Rd7+ Kf6 44.Rxb7 h5 45.Kg2 Ke6 46.Rh7 Kd5 
47.Rxh5+ Kc4 1/2-1/2

[Event "2nd GMA World Cup prel  #3"]
[Site "Palma de Mallorca"]
[Date "1989.??.??"]
[Round "1"]
[White "Kozul, Zdenko"]
[Black "Kochiev, Alexander"]
[Result "0-1"]
[WhiteElo "2560"]
[BlackElo "2475"]
[EventDate "1989.12.??"]
[PlyCount "65"]

1.d4 Nf6 2.c4 g6 3.Nc3 Bg7 4.e4 d6 5.f4 O-O 6.Nf3 c5 7.d5 b5 8.cxb5 a6 9.
bxa6 Qa5 10.Bd2 Bxa6 11.Be2 Qb4 12.e5 dxe5 13.fxe5 Ng4 14.Bxa6 Nxa6 15.Qe2
Qxb2 16.Rb1 Qc2 17.O-O Qf5 18.Ng5 Qc8 19.Nxf7 Rxf7 20.Rxf7 Kxf7 21.e6+ Kg8
22.Qxg4 Nb4 23.Rf1 c4 24.Qf4 Kh8 25.Qh4 Qc5+ 26.Kh1 Nxd5 27.Qg5 Rd8 28.Ne2
c3 29.Bc1 Qc4 30.Re1 Bf6 31.Qh6 c2 32.Ng3 Nc7 33.Qe3 0-1

[Event "2nd GMA World Cup prel  #3"]
[Site "Palma de Mallorca"]
[Date "1989.??.??"]
[Round "1"]
[White "Murshed, Niaz"]
[Black "Eingorn, Vyacheslav"]
[Result "1/2-1/2"]
[WhiteElo "2475"]
[BlackElo "2560"]
[EventDate "1989.12.??"]
[PlyCount "107"]

1.d4 e6 2.Nf3 c5 3.e3 Nf6 4.c4 d5 5.Nc3 a6 6.cxd5 exd5 7.Be2 Nc6 8.O-O Bd6
9.dxc5 Bxc5 10.b3 O-O 11.Bb2 Be6 12.Rc1 Qe7 13.Qc2 Ba3 14.Bxa3 Qxa3 15.Nb1
Qa5 16.Qd2 Qxd2 17.Nbxd2 Rfd8 18.Rfd1 Kf8 19.Nd4 Nxd4 20.exd4 Rac8 21.Bd3 
Nd7 22.Nf1 Nb8 23.Ne3 Nc6 24.Bb1 g6 25.f4 f6 26.h4 Ne7 27.Kf2 Kf7 28.g4 f5
29.g5 Rxc1 30.Rxc1 Nc6 31.Nc2 Bd7 32.Rd1 Rc8 33.Ne1 Nd8 34.Nd3 Ne6 35.Ke3 
Ke7 36.Rc1 Rxc1 37.Nxc1 Bb5 38.a4 Bf1 39.Kf2 Bh3 40.Ke3 Bg2 41.Ne2 Be4 42.
Nc3 Kd6 43.b4 Nd8 44.b5 a5 45.Ba2 Ne6 46.Bb3 Nf8 47.Bd1 Nd7 48.Bb3 Nb6 49.
Kd2 Bg2 50.Ke2 Ke6 51.Kf2 Be4 52.Ke3 Nc8 53.Ba2 Nd6 54.Bb3 1/2-1/2

[Event "2nd GMA World Cup prel  #3"]
[Site "Palma de Mallorca"]
[Date "1989.??.??"]
[Round "1"]
[White "Damljanovic, Branko"]
[Black "Mikhalchishin, Adrian"]
[Result "1/2-1/2"]
[WhiteElo "2555"]
[BlackElo "2475"]
[EventDate "1989.12.??"]
[PlyCount "42"]

1.Nf3 Nf6 2.c4 c5 3.g3 d5 4.cxd5 Nxd5 5.Bg2 Nc6 6.Nc3 Nc7 7.d3 e5 8.Nd2 
Bd7 9.O-O Be7 10.Nc4 f6 11.a4 Ne6 12.Be3 O-O 13.a5 Rb8 14.Nd5 Ned4 15.Bxd4
exd4 16.Nf4 Nb4 17.Re1 Re8 18.e4 dxe3 19.Rxe3 Bf8 20.d4 cxd4 21.Qxd4 Bb5 
1/2-1/2

[Event "2nd GMA World Cup prel  #3"]
[Site "Palma de Mallorca"]
[Date "1989.??.??"]
[Round "1"]
[White "Douven, Rudy"]
[Black "Vyzhmanavin, Alexei"]
[Result "0-1"]
[WhiteElo "2475"]
[BlackElo "2555"]
[EventDate "1989.12.??"]
[PlyCount "76"]

1.d4 Nf6 2.c4 e6 3.Nf3 b6 4.g3 Ba6 5.b3 Bb4+ 6.Bd2 Be7 7.Bg2 d5 8.cxd5 
exd5 9.O-O O-O 10.Nc3 Bb7 11.Rc1 Nbd7 12.Bf4 c6 13.Qc2 Nh5 14.Bh3 Nxf4 15.
gxf4 Nf6 16.Kh1 c5 17.Rcd1 Qc7 18.Qc1 a6 19.e3 Bd6 20.Qb2 Rfe8 21.Rg1 Rad8
22.Ne2 Bf8 23.Ng3 c4 24.Ne5 b5 25.Qe2 Bc8 26.Bf5 Bxf5 27.Nxf5 Kh8 28.Rg2 
g6 29.Nh4 Ne4 30.Rdg1 Bg7 31.Nef3 Bf6 32.Rg4 Qe7 33.Ng5 Bxd4 34.Nxh7 Kxh7 
35.Nxg6 fxg6 36.Rxg6 Qh4 37.R1g2 Nxf2+ 38.Kg1 Rxe3 0-1

[Event "2nd GMA World Cup prel  #3"]
[Site "Palma de Mallorca"]
[Date "1989.??.??"]
[Round "1"]
[White "Gavrikov, Viktor"]
[Black "Inkiov, Ventzislav"]
[Result "1-0"]
[WhiteElo "2555"]
[BlackElo "2475"]
[EventDate "1989.12.??"]
[PlyCount "131"]

1.c4 e6 2.Nc3 d5 3.d4 Nf6 4.cxd5 exd5 5.Bg5 Be7 6.e3 c6 7.Qc2 Nbd7 8.Bd3 
O-O 9.Nf3 Re8 10.h3 Nf8 11.Bf4 Ng6 12.Bh2 Bd6 13.Bxd6 Qxd6 14.O-O Qe7 15.
Rab1 Ne4 16.Rfe1 Qf6 17.Bxe4 dxe4 18.Nd2 Nh4 19.Ne2 Bf5 20.b4 Rad8 21.Ng3 
Rd5 22.Rec1 a6 23.Qd1 Re6 24.a4 g6 25.Qe2 Qg5 26.Rc5 h5 27.Rbc1 Red6 28.
Kh2 Rd7 29.b5 axb5 30.axb5 Rxc5 31.Rxc5 Rd5 32.bxc6 bxc6 33.Rxc6 Nxg2 34.
Ndxe4 Qh4 35.Nf6+ Kg7 36.Kxg2 Bxh3+ 37.Kg1 Ra5 38.Qe1 Rg5 39.d5 Qa4 40.f4 
Rxd5 41.Nxd5 Qxc6 42.Qc3+ Qxc3 43.Nxc3 f6 44.Nge4 Be6 45.Kf2 h4 46.Kf3 g5 
47.fxg5 fxg5 48.Nxg5 Bf5 49.Kf4 Bc2 50.Kg4 Bd3 51.Kxh4 Bc2 52.Kg4 Bd3 53.
Nf3 Bc2 54.Kf4 Bd3 55.Ne1 Bg6 56.Ne4 Be8 57.Nd3 Bc6 58.Nb4 Bb7 59.Ke5 Bc8 
60.Ng5 Bb7 61.Ne6+ Kh6 62.Nd5 Ba6 63.Nef4 Kg5 64.e4 Kg4 65.Kd6 Bc8 66.e5 
1-0

[Event "2nd GMA World Cup prel  #3"]
[Site "Palma de Mallorca"]
[Date "1989.??.??"]
[Round "1"]
[White "Hulak, Krunoslav"]
[Black "Naumkin, Igor"]
[Result "1-0"]
[WhiteElo "2550"]
[BlackElo "2470"]
[EventDate "1989.12.??"]
[PlyCount "55"]

1.d4 e6 2.c4 Nf6 3.Nf3 b6 4.g3 Bb7 5.Bg2 Be7 6.Nc3 O-O 7.O-O Ne4 8.Bd2 f5 
9.d5 Bf6 10.Qc2 Bxc3 11.Bxc3 exd5 12.cxd5 Bxd5 13.Be5 d6 14.Bf4 Qe7 15.
Rad1 Bb7 16.Nd4 g6 17.f3 Nf6 18.Rfe1 Nh5 19.Bh6 Rf7 20.e4 f4 21.g4 Ng7 22.
Bf1 Ba6 23.e5 d5 24.Nc6 Qh4 25.Bxg7 Kxg7 26.e6 Rf8 27.Nxb8 Bxf1 28.Nd7 1-0

[Event "2nd GMA World Cup prel  #3"]
[Site "Palma de Mallorca"]
[Date "1989.??.??"]
[Round "1"]
[White "Lau, Ralf"]
[Black "Popovic, Petar"]
[Result "0-1"]
[WhiteElo "2470"]
[BlackElo "2550"]
[EventDate "1989.12.??"]
[PlyCount "80"]

1.e4 c5 2.g3 Nc6 3.Bg2 g6 4.Ne2 Bg7 5.O-O e6 6.c4 a6 7.Nbc3 Rb8 8.a4 Nge7 
9.d3 O-O 10.Rb1 d6 11.Be3 e5 12.h3 h6 13.f4 exf4 14.gxf4 f5 15.Qd2 Kh7 16.
Kh2 Be6 17.b3 Nd4 18.Ng3 Nec6 19.Nce2 Qd7 20.Nxd4 Nxd4 21.Rfe1 fxe4 22.
dxe4 b5 23.axb5 axb5 24.Qd3 bxc4 25.bxc4 Qf7 26.Rxb8 Rxb8 27.f5 Bxc4 28.
fxg6+ Kxg6 29.Qd2 Rb2 30.Qxb2 Nf3+ 31.Bxf3 Bxb2 32.Nf5 Be5+ 33.Kh1 Bd3 34.
Rg1+ Kh7 35.Rg4 Qa2 36.Rg2 Qb1+ 37.Rg1 Qb7 38.Rg4 c4 39.Rh4 Qb1+ 40.Bg1 c3
0-1

[Event "2nd GMA World Cup prel  #3"]
[Site "Palma de Mallorca"]
[Date "1989.??.??"]
[Round "1"]
[White "Ftacnik, Lubomir"]
[Black "Averbakh, Yury"]
[Result "1/2-1/2"]
[WhiteElo "2550"]
[BlackElo "2470"]
[EventDate "1989.12.??"]
[PlyCount "90"]

1.d4 Nf6 2.c4 e6 3.Nf3 Bb4+ 4.Nbd2 d5 5.Qa4+ Nc6 6.a3 Be7 7.e3 Bd7 8.Qc2 
a5 9.b3 O-O 10.Bd3 g6 11.O-O Nh5 12.e4 Bf6 13.e5 Be7 14.Re1 Ng7 15.Nf1 a4 
16.b4 dxc4 17.Bxc4 Na7 18.d5 exd5 19.Bxd5 Bf5 20.Be4 Nb5 21.Ng3 Bxe4 22.
Nxe4 Ne6 23.Bh6 Re8 24.Red1 Qc8 25.Qc4 c6 26.Nf6+ Bxf6 27.exf6 Qc7 28.Be3 
Nd6 29.Qc2 Nf5 30.Rd3 Red8 31.Rad1 Rxd3 32.Rxd3 Rd8 33.Rxd8+ Qxd8 34.Qxa4 
Nxe3 35.fxe3 Qxf6 36.Qa8+ Kg7 37.h3 Ng5 38.Nxg5 Qxg5 39.Qa7 Qe5 40.a4 Qa1+
41.Kh2 Qe5+ 42.Kg1 Qb2 43.Qb6 Qa1+ 44.Kh2 Qe5+ 45.Kg1 Qa1+ 1/2-1/2

[Event "2nd GMA World Cup prel  #3"]
[Site "Palma de Mallorca"]
[Date "1989.??.??"]
[Round "1"]
[White "Bagirov, Vladimir"]
[Black "Vaiser, Anatoly"]
[Result "1-0"]
[WhiteElo "2460"]
[BlackElo "2555"]
[EventDate "1989.12.??"]
[PlyCount "97"]

1.Nf3 f5 2.g3 g6 3.Bg2 Bg7 4.d4 Nf6 5.c4 O-O 6.O-O d6 7.b3 Ne4 8.Bb2 Nc6 
9.Nbd2 e6 10.Qc2 d5 11.Rad1 a5 12.Ne5 Nb4 13.Qb1 Nxd2 14.Rxd2 dxc4 15.Nxc4
Ra6 16.Rfd1 b5 17.Ne5 Rd6 18.Bc3 c5 19.dxc5 Rxd2 20.Rxd2 Qc7 21.Qb2 Qxc5 
22.Bd4 Qc7 23.a3 Nd5 24.Bxd5 exd5 25.Rc2 Qb7 26.Nc6 a4 27.bxa4 bxa4 28.
Qxb7 Bxb7 29.Ne7+ Kh8 30.Bxg7+ Kxg7 31.Rc7 Ba6 32.Nxf5+ Kh8 33.Nd4 Re8 34.
e3 Rb8 35.Ra7 Rb1+ 36.Kg2 Bf1+ 37.Kf3 Rb8 38.g4 h5 39.Rxa4 Rf8+ 40.Kg3 h4+
41.Kxh4 Rxf2 42.Kg5 Rxh2 43.Kxg6 Bd3+ 44.Nf5 Bxf5+ 45.gxf5 Rg2+ 46.Kf7 
Rg7+ 47.Kf6 Rg3 48.Ra8+ Kh7 49.Re8 1-0

[Event "2nd GMA World Cup prel  #3"]
[Site "Palma de Mallorca"]
[Date "1989.??.??"]
[Round "1"]
[White "Van der Wiel, John"]
[Black "Byrne, Robert"]
[Result "1-0"]
[WhiteElo "2545"]
[BlackElo "2465"]
[EventDate "1989.12.??"]
[PlyCount "105"]

1.e4 c5 2.Nf3 d6 3.d4 cxd4 4.Nxd4 Nf6 5.Nc3 a6 6.Bg5 e6 7.f4 Qb6 8.Nb3 Be7
9.Qf3 Nbd7 10.O-O-O Qc7 11.Bd3 b5 12.Rhe1 Bb7 13.a3 O-O-O 14.Qe2 Nc5 15.
Nxc5 dxc5 16.e5 c4 17.Be4 Nxe4 18.Nxe4 Bxg5 19.fxg5 Bxe4 20.Qxe4 Qb7 21.
Qxb7+ Kxb7 22.Rf1 Rxd1+ 23.Rxd1 Rc8 24.Rd4 Rc5 25.Rf4 Rc7 26.Rh4 h6 27.
gxh6 gxh6 28.Rxh6 Kc6 29.h4 Kd5 30.Rh5 Ke4 31.Kd2 Rc5 32.Rh7 Rc7 33.g4 
Kxe5 34.g5 Kf5 35.Rg7 c3+ 36.bxc3 Rc4 37.Rxf7+ Kg4 38.g6 Kh5 39.g7 Rg4 40.
Re7 Kxh4 41.Rxe6 Rxg7 42.Rxa6 Kg4 43.Ra5 Rb7 44.c4 bxc4 45.Kc3 Kf4 46.Kxc4
Ke4 47.Rb5 Rc7+ 48.Rc5 Ra7 49.Kb4 Rh7 50.a4 Rh1 51.a5 Rb1+ 52.Kc4 Rb2 53.
c3 1-0

[Event "2nd GMA World Cup prel  #3"]
[Site "Palma de Mallorca"]
[Date "1989.??.??"]
[Round "1"]
[White "Savon, Vladimir"]
[Black "Razuvaev, Yury"]
[Result "0-1"]
[WhiteElo "2465"]
[BlackElo "2545"]
[EventDate "1989.12.??"]
[PlyCount "90"]

1.e4 c5 2.Nf3 e6 3.d4 cxd4 4.Nxd4 Nf6 5.Nc3 d6 6.g4 h6 7.Bg2 Nc6 8.h3 Bd7 
9.f4 a6 10.Nf3 b5 11.e5 b4 12.exf6 bxc3 13.fxg7 Bxg7 14.b3 Qb6 15.Qe2 Nb4 
16.Ne5 dxe5 17.Bxa8 O-O 18.Bf3 exf4 19.a4 Nc6 20.a5 Qd8 21.Ra4 Nd4 22.Rxd4
Bxd4 23.Bxf4 Bb5 24.Qe4 e5 25.Be3 Qh4+ 26.Kd1 Rd8 27.Kc1 f5 28.Qxf5 Bxe3+ 
29.Kb1 Qe7 30.Re1 Bd4 31.Be4 Qf7 32.Ka2 Qxf5 33.Bxf5 Kg7 34.b4 Kf6 35.Kb3 
h5 36.Be4 hxg4 37.hxg4 Rh8 38.Bd5 Rh2 39.Rc1 Ke7 40.Bc4 Bxc4+ 41.Kxc4 Ke6 
42.Kb3 e4 43.Kc4 Rd2 44.b5 axb5+ 45.Kxb5 e3 0-1

[Event "2nd GMA World Cup prel  #3"]
[Site "Palma de Mallorca"]
[Date "1989.??.??"]
[Round "1"]
[White "Olafsson, Helgi"]
[Black "Lombardy, William"]
[Result "1-0"]
[WhiteElo "2545"]
[BlackElo "2465"]
[EventDate "1989.12.??"]
[PlyCount "87"]

1.d4 Nf6 2.c4 c5 3.d5 d6 4.Nc3 g6 5.e4 Bg7 6.Bd3 O-O 7.Nge2 e6 8.O-O exd5 
9.cxd5 a6 10.a4 Re8 11.h3 Nbd7 12.f4 c4 13.Bc2 Nc5 14.Ng3 b6 15.Qf3 Bb7 
16.Be3 Rc8 17.Rad1 Nd3 18.Bxd3 cxd3 19.Rxd3 Nd7 20.Bd4 f6 21.Qd1 a5 22.
Rdf3 Ba6 23.Re1 Rc4 24.b3 Rc7 25.h4 Nc5 26.h5 Bc8 27.hxg6 hxg6 28.f5 g5 
29.Nh5 Rf7 30.Rg3 Bd7 31.Kf2 Qe7 32.Rge3 Qf8 33.Qb1 Rfe7 34.Kg1 Rc8 35.Qb2
Be8 36.Nxg7 Rxg7 37.Ne2 Rf7 38.Bc3 Nd7 39.Nd4 g4 40.Rg3 Ne5 41.Ne6 Qh6 42.
Bxe5 dxe5 43.Qe2 Rh7 44.Qxg4+ 1-0

[Event "2nd GMA World Cup prel  #3"]
[Site "Palma de Mallorca"]
[Date "1989.??.??"]
[Round "1"]
[White "Kirov, Nino"]
[Black "Piket, Jeroen"]
[Result "1-0"]
[WhiteElo "2470"]
[BlackElo "2540"]
[EventDate "1989.12.??"]
[PlyCount "95"]

1.Nf3 g6 2.d4 Nf6 3.c4 Bg7 4.g3 O-O 5.Bg2 d6 6.O-O Nbd7 7.Nc3 e5 8.e4 exd4
9.Nxd4 Re8 10.h3 Nc5 11.Re1 Bd7 12.Nb3 Na4 13.Nxa4 Bxa4 14.Bd2 Nd7 15.Qc2 
Re6 16.Bc3 Qf8 17.Qd2 Ne5 18.Nd4 Re7 19.b3 Bd7 20.f4 Nc6 21.Nb5 Rc8 22.
Rad1 a6 23.Bxg7 Qxg7 24.Nc3 h5 25.Kh2 Kh8 26.Nd5 Ree8 27.Bf3 b5 28.g4 bxc4
29.bxc4 hxg4 30.hxg4 Ne7 31.Kg3 Kg8 32.Qd4 Nxd5 33.cxd5 Rb8 34.Qxg7+ Kxg7 
35.Rc1 Rec8 36.e5 dxe5 37.fxe5 Rb2 38.Re2 Rxe2 39.Bxe2 Bb5 40.Bxb5 axb5 
41.Kf4 Kf8 42.Kg5 Kg7 43.a3 Rd8 44.Rc5 Ra8 45.Rxc7 Rxa3 46.e6 Rf3 47.d6 b4
48.Rxf7+ 1-0

[Event "?"]
[Site "Palma de Mallorca"]
[Date "1989.??.??"]
[Round "1"]
[White "Abramovic, Bosko"]
[Black "Schussler, Harry"]
[Result "1-0"]
[WhiteElo "2465"]
[BlackElo "2540"]
[EventDate "1989.12.??"]
[PlyCount "99"]

1.e4 g6 2.d4 Bg7 3.Nf3 d6 4.Be2 Nf6 5.Nc3 O-O 6.O-O c6 7.Re1 Nbd7 8.e5 Ne8
9.Bf4 dxe5 10.dxe5 Nc7 11.Qc1 Nc5 12.Rd1 Qe8 13.Qe3 b6 14.Bh6 Bb7 15.Rd4 
f6 16.Bc4+ N5e6 17.exf6 Rxf6 18.Bxg7 Kxg7 19.Re4 c5 20.Rxe6 Nxe6 21.Bxe6 
Rd8 22.Bc4 e6 23.Re1 Qc6 24.Bd3 Qc7 25.Be4 Bd5 26.Ng5 h6 27.Bxd5 hxg5 28.
Bf3 Qf4 29.h3 Kh6 30.Ne4 Rf7 31.Bg4 Re7 32.Qe2 Qe5 33.c3 Red7 34.Qf3 Rd2 
35.Qe3 Rxb2 36.h4 Rxa2 37.Nxg5 Qxe3 38.Rxe3 Re8 39.Rf3 Re7 40.Bxe6 Ra1+ 
41.Kh2 a5 42.Rf8 a4 43.Ra8 b5 44.Bd5 b4 45.cxb4 cxb4 46.f4 a3 47.f5 gxf5 
48.Ra6+ Kg7 49.h5 Rae1 50.Rg6+ 1-0

[Event "2nd GMA World Cup prel  #3"]
[Site "Palma de Mallorca"]
[Date "1989.??.??"]
[Round "1"]
[White "Lputian, Smbat"]
[Black "Lautier, Joel"]
[Result "1/2-1/2"]
[WhiteElo "2540"]
[BlackElo "2465"]
[EventDate "1989.12.??"]
[PlyCount "132"]

1.d4 Nf6 2.c4 e6 3.Nf3 b6 4.g3 Ba6 5.Nbd2 d5 6.Bg2 Be7 7.Qa4+ c6 8.Ne5 b5 
9.cxb5 cxb5 10.Qd1 O-O 11.O-O Qb6 12.Nb3 Nbd7 13.Bg5 Bd6 14.Bf4 b4 15.Qd2 
Bxe5 16.dxe5 Ng4 17.Qd4 Qxd4 18.Nxd4 Ngxe5 19.Rfc1 Rfc8 20.e4 Nd3 21.Rxc8+
Rxc8 22.Be3 dxe4 23.Bxe4 N7c5 24.Bg2 Bb7 25.Nb3 Bxg2 26.Nxc5 Nxc5 27.Kxg2 
Na4 28.b3 Nb6 29.a3 f6 30.axb4 Rc7 31.h4 h5 32.Ra5 Kf7 33.Bxb6 axb6 34.
Rxh5 f5 35.Rh8 e5 36.Rd8 Ke7 37.Rb8 Rc6 38.b5 Rd6 39.Rb7+ Kf6 40.Rc7 Rd3 
41.Rc6+ Kf7 42.b4 Rb3 43.Rxb6 Rxb4 44.h5 e4 45.Rb8 Rb2 46.b6 e3 47.Kf1 
Rxf2+ 48.Ke1 Rb2 49.b7 e2 50.Kf2 Rb1 51.Kxe2 Rb3 52.Kf2 Rb2+ 53.Ke3 Rb4 
54.Kf3 Rb3+ 55.Kf4 Rb4+ 56.Ke5 Rb5+ 57.Kd6 Rb1 58.Kd5 Rb2 59.Kc6 Rc2+ 60.
Kb6 Rb2+ 61.Kc7 Rc2+ 62.Kd6 Rb2 63.Ke5 Rb5+ 64.Kf4 Rb4+ 65.Kg5 Rb5 66.Kf4 
Rb4+ 1/2-1/2

[Event "2nd GMA World Cup prel  #3"]
[Site "Palma de Mallorca"]
[Date "1989.??.??"]
[Round "1"]
[White "Murey, Jacob"]
[Black "Ree, Hans"]
[Result "0-1"]
[WhiteElo "2535"]
[BlackElo "2460"]
[EventDate "1989.12.??"]
[PlyCount "102"]

1.d4 Nf6 2.c4 g6 3.Nc3 Bg7 4.e4 d6 5.f3 O-O 6.Be3 c5 7.dxc5 dxc5 8.Qxd8 
Rxd8 9.Bxc5 Nc6 10.Rd1 Nd7 11.Ba3 Bxc3+ 12.bxc3 b6 13.Ne2 Bb7 14.Nd4 Kf8 
15.Be2 Rac8 16.Nxc6 Bxc6 17.Kf2 Ke8 18.h4 Bb7 19.h5 g5 20.Rd4 Nc5 21.Ke3 
Ne6 22.Rxd8+ Kxd8 23.g3 Ba6 24.f4 Bxc4 25.f5 Bxe2 26.Kxe2 Nc5 27.Rd1+ Nd7 
28.Kd3 Ke8 29.Re1 Ne5+ 30.Kc2 Rc4 31.Kb3 b5 32.Bb4 f6 33.Re2 Nd3 34.Re3 
Nf2 35.a4 Rxe4 36.Rf3 bxa4+ 37.Kxa4 Ng4 38.Kb5 Re3 39.Rf1 Rxg3 40.c4 Ne3 
41.Rf2 a6+ 42.Kxa6 Nxc4 43.Kb5 Ne5 44.Ra2 Nd3 45.Ra8+ Kf7 46.Ba3 Rf3 47.
Ra7 Rxf5+ 48.Kc4 Ne5+ 49.Kb3 Rf3+ 50.Ka4 Nc6 51.Rc7 Rf4+ 0-1

[Event "2nd GMA World Cup prel  #3"]
[Site "Palma de Mallorca"]
[Date "1989.??.??"]
[Round "1"]
[White "Palatnik, Semon"]
[Black "Balashov, Yury"]
[Result "1/2-1/2"]
[WhiteElo "2460"]
[BlackElo "2535"]
[EventDate "1989.12.??"]
[PlyCount "23"]

1.d4 e6 2.c4 Bb4+ 3.Bd2 a5 4.e4 d5 5.cxd5 exd5 6.exd5 Nf6 7.Bb5+ Bd7 8.
Qe2+ Be7 9.d6 cxd6 10.Nc3 O-O 11.Nf3 Bc6 12.O-O 1/2-1/2